Objet cuisine Français à Espagnol - Statistiques

Statistiques générales
  • Ce quiz a été pris 79 fois
  • Le résultat moyen est 8 sur 24
Statistiques - réponses
Hint Réponse % Correct
Cuisine Cocina
97%
Assiette Plato
69%
Verre Vaso
67%
Four Horno
62%
Cuillère Cuchara
59%
Couteau Cuchillo
55%
Micro-Onde Microonda
53%
Tasse Taza
53%
Fourchette Tenedor
45%
Congélateur Congelador
40%
Poubelle Basura
34%
Poêlon Sarten
26%
Réfrigérateur Refrigerador
24%
Cafetière Cafetera
21%
Spatule Espatula
21%
Bol Tazon
9%
Casserole Cacerola
7%
Grille-pain Tostadora
7%
Fouet Batidor
5%
Poêle Estufa
5%
Ustensil Utensilio
5%
Garde-manger Despensa
3%
Lave-vaiselle Lavaplatos automatico
2%
Mélangeur Licuadora
2%
Aucun quiz correspondant
Distribution des résultats
% des personnes avec chaque résultat
Percentile par nombre de réponses
Votre historique - résultats
Vous n’avez pas pris ce quiz